[Event "Stay Safe Play From Home 143"]
[Site "T#645979Emanuel Laske"]
[Date "2020.05.12"]
[Round "8"]
[White "Weltszmerc"]
[Black "CastlingArrocco"]
[Result "1/2-1/2"]
[WhiteElo "2090"]
[BlackElo "2070"]
[Annotator "TA"]
[PlyCount "104"]
[EventDate "2020.05.12"]
[EventType "swiss (blitz)"]

{[%evp 9,104,45,52,44,83,-20,16,5,64,18,72,19,105,128,233,249,491,506,541,528,721,663,906,827,1187,1034,1034,1013,1098,966,1175,1166,1034,662,1543,1553,1964,1952,2259,2242,2436,1997,29985,2031,29984,29985,29989,29989,29992,29987,29992,29993,29993,29992,29993,29993,29993,29994,29995,29995,29995,29996,29997,29994,29999,29993,29993,29994,29994,29995,29997,29994,29995,29994,29995,29996,29996,29997,29997,29996,29997,29997,29998,29999,29999,29997,29997,29997,29997,29996,29998,29998,29998,29996,29997,29996,29997]} 1. d4 Nc6 2. d5 Ne5 3. f4 Ng6 4. e4 e6 5. dxe6 fxe6 6. Nf3 {A40: Unusual replies to 1 d4.} Nf6 {[#]} 7. a3 $146 (7. e5 $16) ({Predecessor:} 7. e5 Ng4 8. Nc3 Be7 9. Ne4 O-O 10. g3 b6 11. Bd3 Bb7 12. Qe2 Nh6 13. Bd2 d6 14. exd6 cxd6 {1-0 (48) Tancik,K (2266)-Popchev,M (2294) Novi Sad 2020}) 7... Bc5 8. Bd3 {The position is equal.} d6 ({Black should play} 8... d5 $11 9. Nc3 dxe4 10. Nxe4 Nxe4 11. Bxe4 Qxd1+ 12. Kxd1 O-O) 9. Nc3 O-O (9... e5 $11) 10. Qe2 (10. Na4 $16) 10... Qe7 (10... Ng4 $11) 11. g3 $16 {Black is on the road to losing.} e5 (11... Qe8 $16 {might work better.}) 12. f5 $18 Nf4 $2 {[#]} (12... Nh8 13. Bc4+ Nf7) 13. gxf4 exf4 14. Bxf4 Ng4 15. O-O-O b5 {[#]} 16. Rhg1 $1 h5 (16... Bxg1 17. Rxg1) 17. h3 Nf6 18. Rg6 Rf7 19. Nxb5 Ba6 20. Nbd4 Bxd3 21. Qxd3 Rb8 22. Ne6 c6 23. Nfg5 Qb7 24. Qc3 Re7 25. e5 d5 26. b4 (26. exf6 $142 Bd4 27. Qxd4 Rf7 28. Nxf7 Qxf7 29. Rxg7+ Qxg7 30. fxg7 Rb7 31. Qf6 Rf7 32. Qd8+ Rf8 33. gxf8=Q+ Kh7 34. Qh8#) 26... d4 27. Qxc5 {White mates.} Ne4 28. Nxe4 Rf7 29. Rf1 Qd7 30. Rfg1 d3 31. Rxg7+ Kh8 32. Rxf7 Qxf7 33. Rg6 {[%cal Bg1g6,Bg6h6,Bh6h7][%mdl 32]} Qxf5 34. Rh6+ Kg8 35. Nf6+ Kf7 36. Rh7+ Kg6 37. Nf8+ Rxf8 38. Qg1+ Qg4 39. hxg4 h4 40. g5 Rxf6 41. Qe3 Kf5 42. gxf6 Kg4 43. Qxd3 Kxf4 44. Qg6 Kf3 45. Rxh4 Ke3 46. Qf5 {[%csl Gf5][%cal Rh4e4]} Ke2 47. Qe6 Ke1 48. Qxc6 Kf2 49. Qb7 Ke1 50. Qxa7 Kf1 51. Qa6+ Ke1 52. Qd6 Kf1 {[%mdl 32768] Accuracy: White = 55%, Black =  5%. . An unexpected result.} 1/2-1/2

[Event "Stay Safe Play From Home 143"]
[Site "T#645979Emanuel Laske"]
[Date "2020.05.12"]
[Round "8"]
[White "Don59as"]
[Black "Nagaram"]
[Result "1/2-1/2"]
[WhiteElo "2044"]
[BlackElo "1501"]
[Annotator "RC"]
[PlyCount "114"]
[EventDate "2020.05.12"]
[EventType "swiss (blitz)"]

1. c4 {[%emt 0:00:01]} e6 {[%emt 0:00:01]} 2. e4 {[%emt 0:00:01]} d5 {[%emt 0:00:01]} 3. cxd5 {[%emt 0:00:00]} exd5 {[%emt 0:00:01]} 4. e5 {[%emt 0:00:00]} Nc6 {[%emt 0:00:01]} 5. f3 {[%emt 0:00:01]} f6 {[%emt 0:00:00]} 6. f4 {[%emt 0:00:02]} fxe5 {[%emt 0:00:01]} 7. Nf3 {[%emt 0:00:01]} e4 {[%emt 0:00:02]} 8. Ne5 {[%emt 0:00:01]} Nxe5 {[%emt 0:00:03]} 9. fxe5 {[%emt 0:00:00]} Qe7 {[%emt 0:00:01]} 10. Bb5+ {[%emt 0:00:02]} c6 {[%emt 0:00:01]} 11. Be2 {[%emt 0:00:01]} Qxe5 {[%emt 0:00:01]} 12. O-O {[%emt 0:00:00]} Nf6 {[%emt 0:00:01]} 13. d4 {[%emt 0:00:01]} Qe6 {[%emt 0:00:03]} 14. Bf4 {[%emt 0:00:02]} Bd6 {[%emt 0:00:01]} 15. Nc3 {[%emt 0:00:02]} O-O {[%emt 0:00:01]} 16. Qd2 {[%emt 0:00:01]} Ng4 {[%emt 0:00:02]} 17. h3 {[%emt 0:00:01]} Bxf4 {[%emt 0:00:03]} 18. Rxf4 {[%emt 0:00:00]} Nf6 {[%emt 0:00:01]} 19. Raf1 {[%emt 0:00:02]} e3 {[%emt 0:00:01]} 20. Qd3 {[%emt 0:00:02]} Bd7 {[%emt 0:00:01]} 21. b4 {[%emt 0:00:05]} Ne4 {[%emt 0:00:01]} 22. Nxe4 {[%emt 0:00:02]} dxe4 {[%emt 0:00:01]} 23. Rxe4 {[%emt 0:00:01]} Rxf1+ {[%emt 0:00:01]} 24. Bxf1 {[%emt 0:00:01]} Qg6 {[%emt 0:00:02]} 25. Qxe3 {[%emt 0:00:02]} Bf5 {[%emt 0:00:03]} 26. Re5 {[%emt 0:00:01]} Rf8 {[%emt 0:00:03]} 27. Bc4+ {[%emt 0:00:01]} Kh8 {[%emt 0:00:02]} 28. g4 {[%emt 0:00:01]} Bb1 {[%emt 0:00:02]} 29. Kg2 {[%emt 0:00:06]} Qc2+ {[%emt 0:00:01]} 30. Kg3 {[%emt 0:00:01]} Qxc4 {[%emt 0:00:01]} 31. Re8 {[%emt 0:00:01]} Qg8 {[%emt 0:00:01]} 32. Rxf8 {[%emt 0:00:01]} Qxf8 {[%emt 0:00:00]} 33. Qd2 {[%emt 0:00:04]} Qd6+ {[%emt 0:00:01]} 34. Kh4 {[%emt 0:00:02]} Qh6+ {[%emt 0:00:03]} 35. Qxh6 {[%emt 0:00:03]} gxh6 {[%emt 0:00:00]} 36. Kg3 {[%emt 0:00:00]} Kg7 {[%emt 0:00:00]} 37. Kf4 {[%emt 0:00:00]} Bxa2 {[%emt 0:00:01]} 38. Ke5 {[%emt 0:00:01]} b6 {[%emt 0:00:00]} 39. Kd6 {[%emt 0:00:01]} Bd5 {[%emt 0:00:01]} 40. Kc7 {[%emt 0:00:00]} a5 {[%emt 0:00:01]} 41. Kxb6 {[%emt 0:00:04]} axb4 {[%emt 0:00:01]} 42. Kc5 {[%emt 0:00:00]} b3 {[%emt 0:00:00]} 43. g5 {[%emt 0:00:00]} b2 {[%emt 0:00:00]} 44. h4 {[%emt 0:00:00]} b1=Q {[%emt 0:00:00]} 45. gxh6+ {[%emt 0:00:00]} Kxh6 {[%emt 0:00:00]} 46. h5 {[%emt 0:00:00]} Kxh5 {[%emt 0:00:00]} 47. Kd6 {[%emt 0:00:00]} Qd3 {[%emt 0:00:01]} 48. Kc5 {[%emt 0:00:00]} Qxd4+ {[%emt 0:00:00]} 49. Kxd4 {[%emt 0:00:01]} Kg5 {[%emt 0:00:00]} 50. Ke3 {[%emt 0:00:00]} h5 {[%emt 0:00:00]} 51. Kf2 {[%emt 0:00:00]} c5 {[%emt 0:00:00]} 52. Kg1 {[%emt 0:00:00]} c4 {[%emt 0:00:00]} 53. Kh2 {[%emt 0:00:00]} c3 {[%emt 0:00:00]} 54. Kg1 {[%emt 0:00:00]} c2 {[%emt 0:00:00]} 55. Kf2 {[%emt 0:00:00]} c1=Q {[%emt 0:00:00]} 56. Kg3 {[%emt 0:00:00]} Qc3+ {[%emt 0:00:02]} 57. Kh2 {[%emt 0:00:00]} Qe3 {[%emt 0:00:01] (Lag: Av=0.87s, max=2.3s)} 1/2-1/2

[Event "Stay Safe Play From Home 143"]
[Site "T#645979Emanuel Laske"]
[Date "2020.05.12"]
[Round "8"]
[White "Fischer_11"]
[Black "Lazieri3"]
[Result "1-0"]
[WhiteElo "2039"]
[BlackElo "2081"]
[Annotator "TA"]
[PlyCount "105"]
[EventDate "2020.05.12"]
[EventType "swiss (blitz)"]

{[%evp 14,105,31,12,32,7,6,3,6,0,14,6,11,9,9,10,30,20,30,28,28,-4,-2,-35,-35,-31,-24,-40,0,0,0,-46,18,18,16,0,0,-48,-39,-55,-51,-111,-104,-120,-108,-102,-89,-87,0,-85,0,0,0,0,0,0,0,0,0,0,23,0,43,0,104,102,197,197,260,189,280,261,360,370,608,0,37,55,97,-233,-223,-182,-172,-5716,-372,-363,29966,29968,29967,29968,29966,29967,29954,6083]} 1. e4 c6 2. d4 d5 3. exd5 cxd5 4. Nf3 Nc6 5. c3 Nf6 6. Bd3 Bg4 7. O-O Bh5 8. h3 Bg6 {[#] B13: Caro-Kann: Exchange Variation and Panov-Botvinnik Attack.} 9. Re1 $146 ({Predecessor:} 9. Bxg6 hxg6 10. Bf4 e6 11. Nbd2 Be7 12. Re1 Nh5 13. Bh2 g5 14. Ne5 Nxe5 15. Bxe5 Nf6 16. Qe2 {1-0 (49) Stanko,I (1935)-Slavik,M (2015) Slovakia 1998}) 9... Bxd3 10. Qxd3 e6 {The position is equal.} 11. Qe2 h6 12. Ne5 Be7 13. Bf4 O-O 14. Nd2 Bd6 15. Nxc6 bxc6 16. Bxd6 Qxd6 17. Nb3 Nd7 18. Qa6 Rfb8 19. Re2 Rb6 20. Qa5 Rb5 21. Qa6 Rb6 22. Qa5 e5 (22... a6 $15) 23. dxe5 $11 Nxe5 24. Rae1 Nc4 25. Qc5 Qxc5 26. Nxc5 Rxb2 27. Re8+ ({White should try} 27. Rxb2 $15 Nxb2 28. Re7) 27... Rxe8 $17 28. Rxe8+ {[%mdl 4096] Endgame KRN-KRN} Kh7 29. Re7 Kg6 30. Rxa7 Nd2 (30... Rc2 $17 31. Ra6 Ne5) 31. a4 (31. Ra6 $11 {keeps the balance.}) 31... Rb1+ (31... Rc2 $17 32. Nd3 Rxc3 33. Nf4+ Kf6 34. Nh5+ Kg5) 32. Kh2 $11 Nf1+ 33. Kg1 Ne3+ 34. Kh2 Nf1+ 35. Kg1 h5 36. f3 h4 37. Kf2 Ng3 38. Nd3 f5 {[#]} (38... Rd1 $11 {remains equal.} 39. Ne5+ Kf6 40. Nxc6 Rd2+ 41. Ke1 Rxg2) 39. Ke3 $1 $16 Nf1+ (39... f4+ $16 40. Kxf4 (40. Nxf4+ Kf6 $16) 40... Ne2+ 41. Ke3 Nxc3) 40. Kd4 $18 Nd2 (40... Rd1 $142) 41. Ra6 Kg5 (41... Rd1 $142) 42. Rxc6 Nb3+ 43. Kxd5 Na5 $2 (43... Rd1 44. f4+ Kh5) 44. c4 $2 (44. Ra6 $18) 44... Nxc6 45. Kxc6 $11 {KR-KN} Ra1 46. Ne5 $2 {[%mdl 8192]} (46. f4+ $16 {stays on course.} Kf6 47. Kb5) 46... Rxa4 $19 47. c5 Kf6 48. Nf7 $2 (48. Kd5) 48... Rc4 $2 (48... Kxf7 49. Kd6 Ra2) 49. Nd6 Rxc5+ $4 {[%mdl 8192]} (49... Rc2 $19 50. Nb5 Rxg2) 50. Kxc5 {White mates.} Ke5 51. Nc4+ Kf4 {[#]} 52. Kd4 $1 Kg3 53. Ne3 {Accuracy: White = 61%, Black = 49%.} 1-0

[Event "Stay Safe Play From Home 143"]
[Site "T#645979Emanuel Laske"]
[Date "2020.05.12"]
[Round "8"]
[White "Haxhi Baha"]
[Black "Tavares"]
[Result "1-0"]
[WhiteElo "1988"]
[BlackElo "1866"]
[Annotator "TA"]
[PlyCount "49"]
[EventDate "2020.05.12"]
[EventType "swiss (blitz)"]

{[%evp 16,49,22,-9,20,-20,23,22,15,25,94,70,77,65,187,190,431,463,840,873,2153,1151,29989,29990,29990,29989,29991,29990,29991,29991,29991,29992,29989,29988,29998,29999]} 1. e4 c5 2. Nf3 d6 3. d4 cxd4 4. Nxd4 Nf6 5. Nc3 g6 6. f4 Bg7 7. Be3 O-O 8. Be2 Nc6 9. Nb3 Nd7 {B72: Sicilian Dragon: 6 Be3, lines with h3+Bc4 and sidelines.} 10. g4 a6 {[#]} 11. h4 $146 ({Predecessor:} 11. Qd2 b6 12. O-O-O Bb7 13. h4 Rc8 14. h5 Na5 15. Bd4 e5 16. fxe5 Nxb3+ 17. axb3 dxe5 18. Be3 Nc5 19. Qxd8 Rfxd8 20. Bxc5 Rxd1+ 21. Rxd1 Bh6+ 22. Kb1 Rxc5 23. Rd7 Bc8 24. Ra7 b5 25. Nd5 {½-½ (25) Kultiyasov,M (2167)-Spisak,C (2366) Bialystok 2010}) 11... b5 {The position is equal.} 12. h5 Nb6 (12... Bb7 $11 {remains equal.}) 13. hxg6 $16 fxg6 14. a4 b4 (14... bxa4 $1 $14 15. Nxa4 Nxa4 16. Rxa4 Qc7) 15. Nd5 $18 Nxd5 $2 (15... Nd7 {was called for.}) 16. Qxd5+ {[%mdl 64] [#] Double Attack} Be6 (16... Rf7 $142 17. Qxc6 Bd7) 17. Qxe6+ Kh8 18. O-O-O Qc7 {[#]} 19. Rxh7+ $1 {[%mdl 576] Clearance. White mates.} Kxh7 20. Rh1+ Bh6 21. g5 {[%mdl 64] Pin} Kg7 22. Rxh6 {[%csl Gh6][%cal Re6g6]} Rf6 23. gxf6+ exf6 24. f5 g5 25. Qxf6+ {[%mdl 64] Double Attack. White took control after the opening. Accuracy: White = 71%, Black = 13%.} 1-0

[Event "Stay Safe Play From Home 143"]
[Site "T#645979Emanuel Laske"]
[Date "2020.05.12"]
[Round "8"]
[White "Ironmike"]
[Black "Praveen prasad"]
[Result "0-1"]
[WhiteElo "1917"]
[BlackElo "2136"]
[Annotator "TA"]
[PlyCount "110"]
[EventDate "2020.05.12"]
[EventType "swiss (blitz)"]

{[%evp 9,110,-152,-134,-119,-117,-194,-179,-179,-139,-301,-133,-193,-215,-207,-158,-231,-220,-252,-177,-262,-256,-286,-176,-179,-170,-311,-309,-1035,-1034,-1027,-1003,-1171,-371,-369,-347,-348,-327,-327,-318,-318,-162,-170,-163,-164,-177,-210,-205,-220,-217,-252,-238,-285,-271,-372,-368,-365,-321,-482,-478,-569,-549,-583,-572,-916,-921,-878,-873,-2837,-2791,-2344,-2360,-12845,-7420,-29979,-29980,-29980,-29980,-29980,-29979,-29984,-29983,-29983,-29984,-29989,-29990,-29991,-29990,-29991,-29988,-29989,-29990,-29994,-29982,-29982,-29983,-29981,-29965,-29980,-29981,-29979,-29980,-29980,-29979]} 1. e4 d5 2. Nf3 dxe4 3. Ng5 Nf6 4. d4 c6 {[#]} 5. Nh3 $146 ({Predecessor:} 5. Bc4 e6 6. Nc3 Bb4 7. O-O Bxc3 8. bxc3 h6 9. Nh3 Qa5 10. Bd2 e5 11. f3 Bxh3 12. gxh3 {½-½ (45) Cilloniz Razzeto,A (2348)-Solar,J (2251) ICCF email 2015}) 5... Bxh3 6. gxh3 {[#] B01: Scandinavian Defence.} e5 $1 {[%mdl 512]} 7. Bg2 (7. dxe5 $17 {was necessary.} Qa5+ 8. Nc3 Qxe5 9. Be3) 7... exd4 $19 8. O-O {Black is clearly better.} Bc5 9. Bg5 $2 {This costs White the game.} (9. Nd2 $17) 9... O-O (9... Qd5 $19 10. h4 Nbd7) 10. Re1 (10. Nd2 $17) 10... Nbd7 11. Nd2 h6 12. Bh4 (12. Bxf6 $17 Nxf6 13. Nxe4 Nxe4 14. Rxe4) 12... e3 13. Ne4 Be7 {Threatens to win with ...Nxe4.} 14. Nxf6+ (14. Qxd4 {was worth a try.} Nxe4 15. Bxe7 Qxe7 16. Bxe4) 14... Bxf6 (14... gxf6 15. Qg4+ Kh8 16. Qf4 $14) 15. Bxf6 Nxf6 ({Not} 15... Qxf6 16. fxe3 Rfe8 17. Rf1 $17) 16. fxe3 dxe3 {aiming for ...Qb6.} 17. Rxe3 (17. Qxd8 $142 Raxd8 18. Rxe3) 17... Qb6 $1 {[%csl LRb2,LRe3][%mdl 64] Double Attack} 18. Qe1 $2 (18. Qd3) 18... Rfe8 19. Kf2 Rad8 20. Qe2 Rd7 $2 (20... Rxe3 21. Qxe3 Rd2+ {[%mdl 64] Double Attack} 22. Kf3 {[#]} Qa5 $1 {[%mdl 512]} 23. Qxd2 Qxd2) 21. Re1 Rde7 22. Qd2 Rxe3 23. Rxe3 Rxe3 24. Qxe3 Qxe3+ (24... Qxb2 $142 25. Qb3 Qd4+ 26. Qe3 Qa4) 25. Kxe3 {[%mdl 4096] Endgame KB-KN} Kf8 26. Kd4 Ke7 27. Ke5 Nd7+ 28. Kd4 Kd6 29. c4 c5+ 30. Kd3 b6 31. a3 Ne5+ 32. Kc3 g6 33. b4 (33. Be4 {was called for.}) 33... f5 34. Bb7 f4 35. h4 g5 36. Kd2 Nxc4+ 37. Kc3 Nxa3 38. bxc5+ Kxc5 39. Bf3 Nc4 40. hxg5 hxg5 41. h3 Ne5 {Black mates.} 42. Bh5 b5 {[%cal Bb6b5,Bb5b4][%mdl 32]} 43. Kd2 b4 44. Kc2 Kd4 45. Kb3 a5 {[%cal Ba7a5,Ba5a4][%mdl 32]} 46. Kc2 a4 47. Kd1 Nc4 48. Kc2 Ne3+ 49. Kd2 b3 50. Kc1 b2+ {[%mdl 64] Decoy} 51. Kxb2 Nc4+ (51... g4 $2 52. hxg4 f3 53. g5 $19) 52. Ka2 Ke4 53. Bg6+ Ke3 54. Bf7 Ne5 55. Bd5 f3 {Accuracy: White = 36%, Black = 71%.} 0-1

[Event "Stay Safe Play From Home 143"]
[Site "T#645979Emanuel Laske"]
[Date "2020.05.12"]
[Round "8"]
[White "Ionutn28"]
[Black "Tunca"]
[Result "1-0"]
[WhiteElo "1822"]
[BlackElo "1818"]
[Annotator "NA RC"]
[PlyCount "41"]
[EventDate "2020.05.12"]
[EventType "swiss (blitz)"]

1. e4 {[%emt 0:00:04]} Nf6 {[%emt 0:00:01]} 2. d3 {[%emt 0:00:01]} e6 {[%emt 0:00:01]} 3. Nd2 {[%emt 0:00:00]} d5 {[%emt 0:00:00]} 4. Ngf3 {[%emt 0:00:01]} dxe4 {[%emt 0:00:01]} 5. dxe4 {[%emt 0:00:00]} b6 {[%emt 0:00:01]} 6. a3 {[%emt 0:00:01]} Bb7 {[%emt 0:00:01]} 7. Bd3 {[%emt 0:00:01]} Bc5 {[%emt 0:00:02]} 8. O-O {[%emt 0:00:01]} Nbd7 {[%emt 0:00:01]} 9. h3 {[%emt 0:00:03]} O-O {[%emt 0:00:02]} 10. Re1 {[%emt 0:00:01]} e5 {[%emt 0:00:05]} 11. Nc4 {[%emt 0:00:02]} Re8 {[%emt 0:00:01]} 12. Bg5 {[%emt 0:00:01]} Qc8 {[%emt 0:00:03]} 13. Qe2 {[%emt 0:00:01]} Be7 {[%emt 0:00:15]} 14. Ncxe5 {[%emt 0:00:05]} Nxe5 {[%emt 0:00:01]} 15. Nxe5 {[%emt 0:00:00]} Qe6 {[%emt 0:00:03]} 16. Nf3 {[%emt 0:00:11]} Rad8 {[%emt 0:00:04]} 17. Rad1 {[%emt 0:00:03]} h6 {[%emt 0:00:03]} 18. Bh4 {[%emt 0:00:03]} Nh5 {[%emt 0:00:01]} 19. Bxe7 {[%emt 0:00:01]} Rxe7 {[%emt 0:00:00]} 20. Qe3 {[%emt 0:00:01]} Rde8 {[%emt 0:00:02]} 21. e5 {[%emt 0:00:04] Time Tunca resigns} 1-0

[Event "Stay Safe Play From Home 143"]
[Site "T#645979Emanuel Laske"]
[Date "2020.05.12"]
[Round "8"]
[White "Gmbasti"]
[Black "Gibiz144"]
[Result "0-1"]
[WhiteElo "1629"]
[BlackElo "1537"]
[Annotator "NA RC"]
[PlyCount "68"]
[EventDate "2020.05.12"]
[EventType "swiss (blitz)"]

1. c4 {[%emt 0:00:04]} e6 {[%emt 0:00:00]} 2. e3 {[%emt 0:00:00]} b6 {[%emt 0:00:01]} 3. d4 {[%emt 0:00:00]} Bb7 {[%emt 0:00:01]} 4. Nf3 {[%emt 0:00:00]} d6 {[%emt 0:00:00]} 5. Nc3 {[%emt 0:00:00]} Ne7 {[%emt 0:00:01]} 6. Bd3 {[%emt 0:00:01]} g6 {[%emt 0:00:01]} 7. Qc2 {[%emt 0:00:01]} Bg7 {[%emt 0:00:01]} 8. h3 {[%emt 0:00:01]} Nd7 {[%emt 0:00:01]} 9. a3 {[%emt 0:00:01]} h6 {[%emt 0:00:01]} 10. e4 {[%emt 0:00:01]} a6 {[%emt 0:00:01]} 11. e5 {[%emt 0:00:01]} dxe5 {[%emt 0:00:01]} 12. Nxe5 {[%emt 0:00:01]} Nxe5 {[%emt 0:00:01]} 13. dxe5 {[%emt 0:00:00]} Bxe5 {[%emt 0:00:01]} 14. Be3 {[%emt 0:00:01]} Bg7 {[%emt 0:00:01]} 15. O-O-O {[%emt 0:00:01]} O-O {[%emt 0:00:03]} 16. g4 {[%emt 0:00:03]} Qe8 {[%emt 0:00:01]} 17. g5 {[%emt 0:00:02]} h5 {[%emt 0:00:02]} 18. f4 {[%emt 0:00:02]} Bxh1 {[%emt 0:00:01]} 19. Rxh1 {[%emt 0:00:01]} Rc8 {[%emt 0:00:01]} 20. Kb1 {[%emt 0:00:02]} Rd8 {[%emt 0:00:01]} 21. Ne4 {[%emt 0:00:01]} Nf5 {[%emt 0:00:01]} 22. Nf6+ {[%emt 0:00:02]} Bxf6 {[%emt 0:00:01]} 23. gxf6 {[%emt 0:00:01]} Qc6 {[%emt 0:00:01]} 24. Bxf5 {[%emt 0:00:03]} Qxh1+ {[%emt 0:00:01]} 25. Ka2 {[%emt 0:00:01]} exf5 {[%emt 0:00:01]} 26. Bf2 {[%emt 0:00:06]} Qe4 {[%emt 0:00:01]} 27. Qc3 {[%emt 0:00:02]} Rd3 {[%emt 0:00:01]} 28. Qb4 {[%emt 0:00:03]} Rfd8 {[%emt 0:00:01]} 29. Bh4 {[%emt 0:00:02]} c5 {[%emt 0:00:03]} 30. Qxb6 {[%emt 0:00:02]} R3d6 {[%emt 0:00:03]} 31. Qb3 {[%emt 0:00:05]} Rd4 {[%emt 0:00:02]} 32. Bg5 {[%emt 0:00:01]} Rxc4 {[%emt 0:00:01]} 33. Qb6 {[%emt 0:00:01]} Qd5 {[%emt 0:00:02]} 34. b3 {[%emt 0:00:02]} Rc2+ {[%emt 0:00:01] Zeit (Lag: Av=0.39s, max=1.2s)} 0-1

[Event "Stay Safe Play From Home 143"]
[Site "T#645979Emanuel Laske"]
[Date "2020.05.12"]
[Round "8"]
[White "matanant"]
[Black "Trotsky"]
[Result "1-0"]
[WhiteElo "1546"]
[BlackElo "1596"]
[Annotator "NA RC"]
[PlyCount "53"]
[EventDate "2020.05.12"]
[EventType "swiss (blitz)"]

1. b3 {[%emt 0:00:01]} d5 {[%emt 0:00:02]} 2. Bb2 {[%emt 0:00:00]} e6 {[%emt 0:00:00]} 3. e3 {[%emt 0:00:00]} c5 {[%emt 0:00:01]} 4. f4 {[%emt 0:00:00]} Nc6 {[%emt 0:00:01]} 5. Nf3 {[%emt 0:00:00]} f6 {[%emt 0:00:00]} 6. Bb5 {[%emt 0:00:01]} Bd6 {[%emt 0:00:01]} 7. Bxc6+ {[%emt 0:00:01]} bxc6 {[%emt 0:00:01]} 8. O-O {[%emt 0:00:00]} Qc7 {[%emt 0:00:00]} 9. d3 {[%emt 0:00:02]} h5 {[%emt 0:00:01]} 10. Qe2 {[%emt 0:00:02]} Nh6 {[%emt 0:00:01]} 11. Nbd2 {[%emt 0:00:02]} Ng4 {[%emt 0:00:01]} 12. g3 {[%emt 0:00:02]} Bd7 {[%emt 0:00:01]} 13. h3 {[%emt 0:00:01]} O-O-O {[%emt 0:00:01]} 14. hxg4 {[%emt 0:00:02]} hxg4 {[%emt 0:00:00]} 15. Nh2 {[%emt 0:00:01]} g5 {[%emt 0:00:01]} 16. Nxg4 {[%emt 0:00:08]} gxf4 {[%emt 0:00:01]} 17. exf4 {[%emt 0:00:02]} e5 {[%emt 0:00:01]} 18. Nxf6 {[%emt 0:00:02]} exf4 {[%emt 0:00:02]} 19. Nxd7 {[%emt 0:00:02]} fxg3 {[%emt 0:00:02]} 20. Qg4 {[%emt 0:00:02]} Kb7 {[%emt 0:00:02]} 21. Rf7 {[%emt 0:00:02]} Rh2 {[%emt 0:00:04]} 22. Rg7 {[%emt 0:00:03]} c4 {[%emt 0:00:02]} 23. Nf3 {[%emt 0:00:04]} Bc5+ {[%emt 0:00:02]} 24. d4 {[%emt 0:00:02]} Qd6 {[%emt 0:00:06]} 25. Nxc5+ {[%emt 0:00:02]} Kb6 {[%emt 0:00:02]} 26. Rb7+ {[%emt 0:00:02]} Ka5 {[%emt 0:00:02]} 27. Bc3# {[%emt 0:00:01] (Lag: Av=0.58s, max=0.8s)} 1-0

[Event "Stay Safe Play From Home 143"]
[Site "T#645979Emanuel Laske"]
[Date "2020.05.12"]
[Round "8"]
[White "Tobo Rubirosa"]
[Black "Lucknow"]
[Result "0-1"]
[WhiteElo "1424"]
[BlackElo "1770"]
[Annotator "NA RC"]
[PlyCount "88"]
[EventDate "2020.05.12"]
[EventType "swiss (blitz)"]

1. Nf3 {[%emt 0:00:02]} c5 {[%emt 0:00:01]} 2. d4 {[%emt 0:00:01]} d5 {[%emt 0:00:00]} 3. g3 {[%emt 0:00:01]} e6 {[%emt 0:00:00]} 4. Bg2 {[%emt 0:00:01]} Nf6 {[%emt 0:00:00]} 5. O-O {[%emt 0:00:01]} Be7 {[%emt 0:00:00]} 6. c4 {[%emt 0:00:01]} Nc6 {[%emt 0:00:00]} 7. dxc5 {[%emt 0:00:02]} Bxc5 {[%emt 0:00:01]} 8. a3 {[%emt 0:00:00]} a6 {[%emt 0:00:02]} 9. b4 {[%emt 0:00:01]} Be7 {[%emt 0:00:01]} 10. Bb2 {[%emt 0:00:01]} dxc4 {[%emt 0:00:01]} 11. Qc2 {[%emt 0:00:01]} Qc7 {[%emt 0:00:01]} 12. Qxc4 {[%emt 0:00:02]} b5 {[%emt 0:00:01]} 13. Qc2 {[%emt 0:00:02]} Bb7 {[%emt 0:00:00]} 14. Nc3 {[%emt 0:00:01]} O-O {[%emt 0:00:02]} 15. Rac1 {[%emt 0:00:01]} Rac8 {[%emt 0:00:02]} 16. Qb1 {[%emt 0:00:02]} Qb8 {[%emt 0:00:01]} 17. Ng5 {[%emt 0:00:01]} h6 {[%emt 0:00:04]} 18. Nge4 {[%emt 0:00:02]} Nxe4 {[%emt 0:00:04]} 19. Nxe4 {[%emt 0:00:01]} Qa8 {[%emt 0:00:05]} 20. Nc5 {[%emt 0:00:03]} Bxc5 {[%emt 0:00:03]} 21. Rxc5 {[%emt 0:00:01]} Ne7 {[%emt 0:00:01]} 22. Bxb7 {[%emt 0:00:02]} Qxb7 {[%emt 0:00:00]} 23. Rxc8 {[%emt 0:00:02]} Rxc8 {[%emt 0:00:02]} 24. Rc1 {[%emt 0:00:01]} Nd5 {[%emt 0:00:02]} 25. Rxc8+ {[%emt 0:00:02]} Qxc8 {[%emt 0:00:00]} 26. Qc1 {[%emt 0:00:01]} Qxc1+ {[%emt 0:00:01]} 27. Bxc1 {[%emt 0:00:01]} Nc3 {[%emt 0:00:00]} 28. Kf1 {[%emt 0:00:03]} f5 {[%emt 0:00:02]} 29. e3 {[%emt 0:00:01]} Nd5 {[%emt 0:00:00]} 30. Ke2 {[%emt 0:00:01]} Kf7 {[%emt 0:00:00]} 31. Bb2 {[%emt 0:00:02]} g6 {[%emt 0:00:00]} 32. f4 {[%emt 0:00:03]} Ke7 {[%emt 0:00:02]} 33. e4 {[%emt 0:00:00]} Nc7 {[%emt 0:00:02]} 34. Ke3 {[%emt 0:00:01]} Ne8 {[%emt 0:00:02]} 35. exf5 {[%emt 0:00:01]} exf5 {[%emt 0:00:01]} 36. Kd4 {[%emt 0:00:00]} Kd6 {[%emt 0:00:01]} 37. Bc1 {[%emt 0:00:02]} Nc7 {[%emt 0:00:01]} 38. Kc3 {[%emt 0:00:01]} Ne6 {[%emt 0:00:00]} 39. Be3 {[%emt 0:00:01]} Kd5 {[%emt 0:00:01]} 40. Kd3 {[%emt 0:00:02]} Nd8 {[%emt 0:00:02]} 41. Bd4 {[%emt 0:00:01]} Nf7 {[%emt 0:00:00]} 42. Be3 {[%emt 0:00:01]} g5 {[%emt 0:00:02]} 43. fxg5 {[%emt 0:00:02]} hxg5 {[%emt 0:00:00]} 44. Bxg5 {[%emt 0:00:00]} Nxg5 {[%emt 0:00:01] Tiempo (Lag: Av=0.56s, max=1.0s)} 0-1

[Event "Stay Safe Play From Home 143"]
[Site "T#645979Emanuel Laske"]
[Date "2020.05.12"]
[Round "8"]
[White "Mandy"]
[Black "UHU4"]
[Result "0-1"]
[WhiteElo "922"]
[BlackElo "1529"]
[Annotator "NA RC"]
[PlyCount "28"]
[EventDate "2020.05.12"]
[EventType "swiss (blitz)"]

1. d4 {[%emt 0:00:02]} d5 {[%emt 0:00:01]} 2. Bf4 {[%emt 0:00:01]} Nc6 {[%emt 0:00:01]} 3. e3 {[%emt 0:00:01]} Nf6 {[%emt 0:00:01]} 4. c3 {[%emt 0:00:01]} Bf5 {[%emt 0:00:01]} 5. Nf3 {[%emt 0:00:00]} e6 {[%emt 0:00:02]} 6. h3 {[%emt 0:00:01]} h5 {[%emt 0:00:01]} 7. Bd3 {[%emt 0:00:03]} Ne4 {[%emt 0:00:01]} 8. Nbd2 {[%emt 0:00:04]} g5 {[%emt 0:00:02]} 9. Bh2 {[%emt 0:00:09]} g4 {[%emt 0:00:03]} 10. Ne5 {[%emt 0:00:10]} Nxe5 {[%emt 0:00:02]} 11. dxe5 {[%emt 0:00:02]} gxh3 {[%emt 0:00:02]} 12. gxh3 {[%emt 0:00:02]} Qh4 {[%emt 0:00:03]} 13. O-O {[%emt 0:00:03]} Qxh3 {[%emt 0:00:05]} 14. Qf3 {[%emt 0:00:09]} Rg8+ {[%emt 0:00:02] Zeit (Lag: Av=0.65s, max=0.9s)} 0-1